Streamovanie programovacích prednášok
Guardado en:
| Autor principal: | |
|---|---|
| Otros Autores: | |
| Formato: | Manuscrito Libro |
| Lenguaje: | eslovaco |
| Publicado: |
Bratislava :
STU v Bratislave FEI,
2021
|
| Materias: | |
| Acceso en línea: | https://opac.crzp.sk/?fn=detailBiblioForm&sid=38F43C5054BC4F7F29BDC6F31F28&seo=CRZP-detail-kniha |
| Etiquetas: |
Sin Etiquetas, Sea el primero en etiquetar este registro!
|
MARC
| LEADER | 00000ntm a22000003a 4500 | ||
|---|---|---|---|
| 001 | stuzp82331 | ||
| 003 | SK-STU | ||
| 005 | 20210809102304.1 | ||
| 007 | ta | ||
| 008 | 150427s2015----xo-----f-mn---000-0-slo-d | ||
| 040 | |a STU |b slo | ||
| 041 | 0 | |a slo | |
| 044 | |a xo | ||
| 100 | 1 | |a Abel, Peter |u 035000 |4 aut |U FEI Fakulta elektrotechniky a informatiky |U FEI Fakulta elektrotechniky a informatiky |T FEI Ústav informatiky a matematiky |X 97723 |U E050 |Y 816 |7 97723 | |
| 242 | 0 | 1 | |a Streaming of programming lectures |y eng |
| 245 | 1 | 0 | |a Streamovanie programovacích prednášok |
| 260 | |a Bratislava : | ||
| 260 | |b STU v Bratislave FEI, | ||
| 260 | |c 2021 | ||
| 300 | |a 37 s. | ||
| 650 | 4 | |a nahrávanie |2 slo | |
| 650 | 4 | |a prehrávanie |2 slo | |
| 650 | 4 | |a prednáška |2 slo | |
| 650 | 4 | |a programovanie |2 slo | |
| 650 | 4 | |a streamovanie |2 slo | |
| 650 | 4 | |a record |2 eng | |
| 650 | 4 | |a play |2 eng | |
| 650 | 4 | |a lecture |2 eng | |
| 650 | 4 | |a programming |2 eng | |
| 650 | 4 | |a streaming |2 eng | |
| 700 | 1 | |a Zajac, Pavol |u 035000 |k Z1 |4 ths |U FEI Fakulta elektrotechniky a informatiky |U FEI Fakulta elektrotechniky a informatiky |T FEI Ústav informatiky a matematiky |X 10218 |U E050 |Y 816 |7 A000010218 | |
| 856 | 4 | |u https://opac.crzp.sk/?fn=detailBiblioForm&sid=38F43C5054BC4F7F29BDC6F31F28&seo=CRZP-detail-kniha | |